000 00540cam a2200193ua 4500
001 2094
008 110804n ii |||gr||||Z||||||eng
020 _a81-7457-347-X
040 _cMAIN
082 _a371.33
100 _aAgarwal, J. C.,
_eAuthor.
245 1 _aEducational, technology, management and evaluation
_cby J. C. Agarwal
250 _a3rd.
260 _aAgra:
_bVinod pustak mandir,
_c2008.
300 _a420p:
_bill;
_c23cm.
653 _aEducation
653 _aEducational, technology, management and evaluation
942 _cBK
999 _c1963
_d1963